00480nam a2200193 a 4500001001300000003000900013005001700022008004100039020001000080082001700090100002000107245002300127260002300150300000900173500003500182505001700217650003200234700002000266nice12345678IN_TiNIC20260116015020.0050524s1971 u ka grp 000 0 eng  ac28500a658.45bDEB1 aDe Bono, Edward aPractical Thinking aU KbPenguinc1971 a182p aincludes index and biblioraphy2 aNotes, Index aCommunication in Management1 aDe Bono, Edward